L'impasse de la punition à l'école : Des solutions alternatives en classe (notice n° 1566927)
[ vue normale ]
| 000 -LEADER | |
|---|---|
| fixed length control field | 01369cam a2200133 4500500 |
| 005 - DATE AND TIME OF LATEST TRANSACTION | |
| control field | 20251214002427.0 |
| 041 ## - LANGUAGE CODE | |
| Language code of text/sound track or separate title | fre |
| 042 ## - AUTHENTICATION CODE | |
| Authentication code | dc |
| 100 10 - MAIN ENTRY--PERSONAL NAME | |
| Personal name | Debarbieux, Éric |
| Relator term | author |
| 245 00 - TITLE STATEMENT | |
| Title | L'impasse de la punition à l'école : Des solutions alternatives en classe |
| 260 ## - PUBLICATION, DISTRIBUTION, ETC. | |
| Name of publisher, distributor, etc. | Armand Colin,<br/> |
| Date of publication, distribution, etc. | 2022.<br/> |
| 520 ## - SUMMARY, ETC. | |
| Summary, etc. | Contrairement à une légende tenace, la « punition » à l’école est fréquente, et ce livre en donne les vrais chiffres, impressionnants. L’inflation punitive entraîne plus de difficultés – voire de violence – qu’elle n’en résout. Il faut d’autres solutions pour une discipline réelle, respectueuse de tous et de toutes dans les écoles, les collèges et les lycées. C’est vrai au niveau de l’établissement, mais aussi de la classe elle-même. Or les enseignants sont particulièrement démunis, manquant totalement de formation à cet égard. Ce livre présente des solutions alternatives, qui ne se veulent pas modèles universels, mais qui ont été réellement expérimentées sur des terrains parfois difficiles : pédagogie coopérative, discipline positive, approche de Palo Alto, développement des compétences psychosociales, Communication NonViolente, justice restaurative. |
| 856 41 - ELECTRONIC LOCATION AND ACCESS | |
| Uniform Resource Identifier | <a href="https://shs.cairn.info/l-impasse-de-la-punition-a-l-ecole--9782200631871?lang=fr&redirect-ssocas=7080">https://shs.cairn.info/l-impasse-de-la-punition-a-l-ecole--9782200631871?lang=fr&redirect-ssocas=7080</a> |
Pas d'exemplaire disponible.




Réseaux sociaux